| 000 | 00980nam a22002537a 4500 | ||
|---|---|---|---|
| 999 |
_c20420 _d20420 |
||
| 003 | AR-CdUCM | ||
| 008 | 190528b ||||| |||| 00| 0 spa d | ||
| 040 |
_aMUNICIPALIDAD PROVINCIAL DEL CUSCO _cBIBLIOTECA MUNICIPAL DEL CUSCO |
||
| 082 |
_a621.381 / _bJ67 |
||
| 100 |
_aJohannsen, Lawrence A. _942295 |
||
| 245 |
_aElectrónica básica : _bExperimentos de laboratorio / |
||
| 260 |
_aMéxico D. F : _bDiana, _c1972. |
||
| 300 |
_a135 páginas ; _bIlustraciones, diagramas, _c26 cm. |
||
| 440 |
_aManuales delmar de electricidad y electrónica _942690 |
||
| 505 | _aContenido : Características de un diodo de alto vacío -- Circuitos de fuentes de poder y filtros --Sistemas duplicadores de voltaje... | ||
| 650 |
_aElectrónica _920355 |
||
| 650 |
_aTransitores _942691 |
||
| 650 |
_aAmplificadores _922684 |
||
| 650 |
_aManuales de laboratorio _922558 |
||
| 700 |
_aJournigan, Russell P. _942296 |
||
| 700 |
_aDuff, John R. _940908 |
||
| 942 |
_2ddc _cLIBROS |
||
| 945 | _arcc | ||